00622nam a2200229 a 4500003000400000005001700004008004100021020001800062040002400080041000800104082001600112110002700128245009300155250001200248260004700260300001100307653001700318653002100335653000800356653000900364653001900373OSt20130930192855.0130930s2001 ag ||||| |||| 00| 0 spa d a987-43-4130-0 cBiblioteca Medicina aspa bVARIOS 0342 aFundar Calidad de Vida00aFUCAVI el libro. Prevencion a la Drogadiccion, Educacion Sexual, SIDA-HIV Medio Ambiente a1ยบ ed. aBuenos AiresbFundar Calidad de Vidac2001 a178 p. aDROGADICCION aEDUCACION SEXUAL aHIV aSIDA aMEDIO AMBIENTE